Property futures (Record no. 30406)

MARC details
000 -LEADER
fixed length control field 01185cab a2200205 4500
001 - CONTROL NUMBER
control field ABS44673
008 - FIXED-LENGTH DATA ELEMENTS--GENERAL INFORMATION
fixed length control field 090401t1991 xxu||||| |||| 00| 0 eng d
035 ## - SYSTEM CONTROL NUMBER
System control number (Sirsi) u48398
041 ## - LANGUAGE CODE
Language code of text/sound track or separate title eng
100 ## - MAIN ENTRY--PERSONAL NAME
Personal name Baum, A.
245 ## - TITLE STATEMENT
Title Property futures
260 ## - PUBLICATION, DISTRIBUTION, ETC.
Date of publication, distribution, etc. 1991
350 ## - PRICE (NR) (BK AM CF MU VM SE) [OBSOLETE]
Price 0
490 ## - SERIES STATEMENT
Series statement Journal of Property Valuation and Investment
Volume/sequential designation 9(3) Spring 1991, 235-240(6)
520 ## - SUMMARY, ETC.
Summary, etc. The paper briefly discusses the attractions of property to institutional investors and describes the evolution of futures markets from forward contracts in commodity markets and financial and stock market index futures to the current UK proposal for property futures . The potential users of property index futures are described and the attractions and dangers of a property futures market are considered. The paper concludes that, while it is by no means certain that the market will succeed, property professionals should make every effort to understand and develop the proposed market in a way which will benefit property investors most effectively. (Journal abstract)
650 ## - SUBJECT ADDED ENTRY--TOPICAL TERM
Topical term or geographic name entry element LONDON FOX
690 ## - LOCAL SUBJECT ADDED ENTRY--TOPICAL TERM (OCLC, RLIN)
Topical term or geographic name as entry element PROPERTY-PROPERTY FINANCE AND INVESTMENT
942 ## - ADDED ENTRY ELEMENTS (KOHA)
Suppress in OPAC 0
948 ## - LOCAL PROCESSING INFORMATION (OCLC); SERIES PART DESIGNATOR (RLIN)
c (OCLC) 04/03/1997
Holdings
Withdrawn status Lost status Source of classification or shelving scheme Damaged status Not for loan Home library Current library Shelving location Date acquired Total Checkouts Full call number Barcode Date last seen Copy number Price effective from Koha item type
    Dewey Decimal Classification     London London Journal article 14/09/1999   ABS44673 48398-1001 06/08/2019 1 06/08/2019 Journal article